| 000 | 00443nam a22001697a 4500 | ||
|---|---|---|---|
| 003 | CEME | ||
| 005 | 20210628210401.0 | ||
| 008 | 210216b xxu||||| |||| 00| 0 eng d | ||
| 040 | _c. | ||
| 082 | _a297.09 SHA | ||
| 100 |
_aNadvi, Shah Moein Uddin Ahmad Shah Moein Uddin Ahmad Nadvi _979159 |
||
| 245 | _aTareekh-e-islam | ||
| 260 |
_aLAHORE _bISLAMI ACADMY _c1996 |
||
| 300 | _a2-VOLS | ||
| 650 |
_aISLAM-HISTORY _937202 |
||
| 942 |
_cBK _2ddc |
||
| 999 |
_c584220 _d584220 |
||